[Event "OPEN INER 2022"]
[Site "salle des fêtes de Saint Denis"]
[Date "2022.10.13"]
[Round "8.10"]
[White "Lebihan, Mahe"]
[Black "Bah, Ismael"]
[Result "0-1"]
[WhiteElo "1199"]
[BlackElo "1588"]
[PlyCount "122"]
[EventDate "2022.??.??"]

1. d4 Nf6 2. Nf3 g6 3. b3 Bg7 4. Bb2 d6 5. e3 O-O 6. Bd3 c5 7. Nbd2 cxd4 8.
exd4 a6 9. O-O Nc6 10. c4 b6 11. a3 Bd7 12. Re1 Nh5 13. Rc1 Re8 14. b4 Rb8 15.
Qb3 Na7 16. a4 b5 17. axb5 axb5 18. c5 dxc5 19. dxc5 Bxb2 20. Qxb2 Nc6 21. Ne5
Nxe5 22. Rxe5 Bc6 23. Be4 Bxe4 24. Rxe4 Nf6 25. Re2 Nd5 26. Rce1 Nf4 27. Nf3
Nxe2+ 28. Qxe2 Qc7 29. Ne5 f6 30. Qa2+ e6 31. Ng4 Qe7 32. Qb2 Kg7 33. h3 Rbd8
34. Qb3 e5 35. f4 e4 36. Qc3 Rf8 37. Nf2 Kh6 38. Rxe4 Qf7 39. Qc1 Kg7 40. Qc3
Rfe8 41. c6 Rxe4 42. Nxe4 Qe6 43. c7 Rc8 44. Nc5 Qb6 45. Qe3 Kh6 46. f5+ g5 47.
h4 Rxc7 48. hxg5+ fxg5 49. Qh3+ Kg7 50. Qc3+ Kf7 51. Qb3+ Kf8 52. Qc3 Rc6 53.
Qh8+ Ke7 54. Qxh7+ Kd6 55. Qd7+ Ke5 56. Kf1 Rxc5 57. bxc5 Qxc5 58. Qe6+ Kf4 59.
Ke2 Qc2+ 60. Kf1 Qxf5 61. Qe2 Kg3+ 0-1

[Event "OPEN INER 2022"]
[Site "salle des fêtes de Saint Denis"]
[Date "2022.10.13"]
[Round "8.11"]
[White "Frelicot, Eric"]
[Black "Lam Kin Cheung, Stephane"]
[Result "1/2-1/2"]
[WhiteElo "1560"]
[BlackElo "1199"]
[PlyCount "97"]
[EventDate "2022.??.??"]

1. d4 Nf6 2. Nf3 d5 3. Bf4 e6 4. e3 c5 5. c3 Bd6 6. Ne5 Qc7 7. Nd2 Nc6 8. Bb5
Bd7 9. Bxc6 Bxc6 10. O-O O-O 11. Ndf3 Ne4 12. dxc5 Nxc5 13. Nxc6 Bxf4 14. exf4
bxc6 15. Qd4 Ne4 16. Qe5 Qxe5 17. fxe5 Rab8 18. Rab1 g5 19. Rfd1 g4 20. Nd2 Nc5
21. b3 Nd7 22. f4 Rfd8 23. h3 h5 24. hxg4 hxg4 25. Nf1 f6 26. exf6 Nxf6 27. Ng3
Kf7 28. Re1 c5 29. Rbd1 Rb6 30. f5 Re8 31. fxe6+ Rbxe6 32. Rxe6 Rxe6 33. Kf2
Re5 34. a3 a5 35. b4 cxb4 36. axb4 axb4 37. cxb4 Ke6 38. Re1 Rxe1 39. Kxe1 Kd6
40. Kd2 Kc6 41. Kd3 Kb5 42. Kd4 Kxb4 43. Nf5 Nh5 44. g3 Kb3 45. Kxd5 Kc3 46.
Ke4 Kd2 47. Nh6 Nxg3+ 48. Kf4 Ne2+ 49. Kxg4 1/2-1/2

[Event "OPEN INER 2022"]
[Site "salle des fêtes de Saint Denis"]
[Date "2022.10.13"]
[Round "8.12"]
[White "Sawmynaden, Righen Peroumal"]
[Black "Vadon Ramalanjaona, Mateotia"]
[Result "1-0"]
[WhiteElo "1743"]
[BlackElo "1314"]
[PlyCount "67"]
[EventDate "2022.??.??"]

1. d4 Nf6 2. Nf3 e6 3. Bf4 c5 4. c3 Nc6 5. e3 d5 6. Nbd2 Bd6 7. Bg3 b6 8. Bd3
Bb7 9. O-O O-O 10. Ne5 Bxe5 11. dxe5 Nd7 12. f4 a5 13. Qe2 c4 14. Bc2 Re8 15.
Qh5 Nf8 16. Bh4 Qd7 17. Rf3 Ne7 18. Bxe7 Qxe7 19. Bxh7+ Nxh7 20. Rh3 Qc5 21.
Qxh7+ Kf8 22. Qh4 b5 23. Qg5 Kg8 24. Rg3 Qf8 25. Nf3 g6 26. Nh4 Qg7 27. Nf3 b4
28. h4 Kh7 29. h5 Qh6 30. hxg6+ Qxg6 31. Qh4+ Qh6 32. Qxh6+ Kxh6 33. Kf2 bxc3
34. Rh1# 1-0

[Event "OPEN INER 2022"]
[Site "salle des fêtes de Saint Denis"]
[Date "2022.10.13"]
[Round "8.13"]
[White "Cavillot-Delestage, Raphael"]
[Black "Rosamel, Manua"]
[Result "0-1"]
[WhiteElo "1155"]
[BlackElo "1319"]
[PlyCount "116"]
[EventDate "2022.??.??"]

1. Nf3 d5 2. g3 Nf6 3. Bg2 g6 4. d3 Bg7 5. c3 O-O 6. O-O c5 7. Nbd2 b6 8. Qc2
Nc6 9. e4 dxe4 10. Nxe4 Nxe4 11. dxe4 Ba6 12. Re1 Qc7 13. Bg5 h6 14. Be3 Rfd8
15. Rad1 Na5 16. e5 Rxd1 17. Rxd1 Rd8 18. Rxd8+ Qxd8 19. h4 Nc4 20. Bf4 Bb7 21.
e6 f5 22. h5 g5 23. Bc1 Be4 24. Qe2 Qd5 25. Ne1 Bxg2 26. Nxg2 Ne5 27. a3 Qd3
28. Kf1 Qxe2+ 29. Kxe2 Nc4 30. Ne3 Nxe3 31. Bxe3 Be5 32. f4 gxf4 33. Bxf4 Bxf4
34. gxf4 Kg7 35. Kd3 Kf6 36. b4 Kxe6 37. c4 Kd6 38. b5 e6 39. a4 e5 40. Ke3
exf4+ 41. Kxf4 Ke6 42. Kf3 Ke5 43. Ke3 f4+ 44. Kf3 Kf5 45. Kf2 Kg4 46. Kg2 Kxh5
47. Kf3 Kg5 48. Ke4 Kg4 49. Kd5 f3 50. Kc6 f2 51. Kb7 f1=Q 52. Kxa7 Qxc4 53.
Kxb6 Qxa4 54. Kxc5 Qxb5+ 55. Kxb5 h5 56. Kc4 h4 57. Kd3 Kg3 58. Ke2 Kg2 0-1

[Event "OPEN INER 2022"]
[Site "salle des fêtes de Saint Denis"]
[Date "2022.10.13"]
[Round "8.14"]
[White "Hoarau, Antoine"]
[Black "Fondrat, Thierry"]
[Result "1/2-1/2"]
[WhiteElo "1246"]
[BlackElo "1217"]
[PlyCount "57"]
[EventDate "2022.??.??"]

1. d4 d5 2. Bf4 Nf6 3. e3 c5 4. Nf3 Nc6 5. c3 Qb6 6. Qc2 c4 7. Nbd2 g6 8. Be2
Bf5 9. Qc1 Bg7 10. h3 h5 11. O-O Qd8 12. b3 b5 13. a4 a6 14. Qa3 O-O 15. Qc5
Qc8 16. axb5 axb5 17. bxc4 bxc4 18. Ne5 Nxe5 19. Qxc8 Rfxc8 20. Bxe5 Ne4 21.
Nxe4 Bxe4 22. Bxg7 Kxg7 23. Rfc1 e6 24. Rxa8 Rxa8 25. f3 Ra2 26. Kf1 Bc2 27.
Ke1 f5 28. f4 Kf6 29. h4 1/2-1/2

[Event "OPEN INER 2022"]
[Site "salle des fêtes de Saint Denis"]
[Date "2022.10.13"]
[Round "8.15"]
[White "Erudel, Irina"]
[Black "Folio, Raphael"]
[Result "0-1"]
[WhiteElo "1199"]
[BlackElo "1277"]
[PlyCount "70"]
[EventDate "2022.??.??"]

1. e4 e6 2. d4 d5 3. exd5 exd5 4. Bd3 Nf6 5. Be3 Bd6 6. Nf3 Be6 7. Nbd2 O-O 8.
c3 c6 9. Qc2 Nbd7 10. h4 b5 11. Ng5 g6 12. Nxe6 fxe6 13. Bg5 Be7 14. O-O-O e5
15. Kb1 e4 16. Be2 a5 17. g4 c5 18. h5 cxd4 19. hxg6 d3 20. Bxd3 Nxg4 21. Bxe7
Qxe7 22. Rdg1 Nde5 23. Bxe4 dxe4 24. Qxe4 Qf6 25. Qd5+ Kg7 26. Ne4 Qxg6 27.
Qb7+ Kh8 28. Ka1 Rab8 29. Qc7 Qxe4 30. Rh6 Rb7 31. Qxa5 Nxh6 32. Qa3 Rbf7 33.
c4 Rxf2 34. Qh3 Qc2 35. a3 Qxb2# 0-1

[Event "OPEN INER 2022"]
[Site "salle des fêtes de Saint Denis"]
[Date "2022.10.13"]
[Round "8.16"]
[White "Naquin, Miguel"]
[Black "Bonin, Malo"]
[Result "0-1"]
[WhiteElo "1099"]
[BlackElo "1199"]
[PlyCount "80"]
[EventDate "2022.??.??"]

1. d4 d5 2. c4 c6 3. Nc3 Nf6 4. Nf3 Bf5 5. Bg5 e6 6. e3 Bd6 7. c5 Bc7 8. Bxf6
Qxf6 9. Bd3 Bxd3 10. Qxd3 Nd7 11. O-O O-O 12. Rfe1 Rfe8 13. Re2 b6 14. cxb6
axb6 15. b4 Bd6 16. a3 c5 17. Nb5 Bb8 18. e4 Rc8 19. Rae1 cxb4 20. axb4 Qh6 21.
exd5 Rf8 22. dxe6 Qh5 23. exd7 Qd5 24. Re7 g6 25. R1e5 Bxe5 26. Nxe5 Ra1+ 27.
Qf1 Rxf1+ 28. Kxf1 Qxb5+ 29. Kg1 Qxb4 30. g3 Qxe7 31. Kg2 Qd6 32. f4 f6 33. Ng4
Qd5+ 34. Kh3 Qh5+ 35. Kg2 Qxg4 36. d5 Ra8 37. d8=Q+ Rxd8 38. d6 Rc8 39. d7 Rc2+
40. Kg1 Qd1# 0-1

[Event "OPEN INER 2022"]
[Site "salle des fêtes de Saint Denis"]
[Date "2022.10.13"]
[Round "8.17"]
[White "Molines, Martin"]
[Black "Boyer, Mathis"]
[Result "1/2-1/2"]
[WhiteElo "1037"]
[BlackElo "1190"]
[PlyCount "61"]
[EventDate "2022.??.??"]

1. e4 e6 2. d4 d5 3. exd5 exd5 4. Nf3 Nf6 5. Bd3 Nc6 6. Qe2+ Qe7 7. Qxe7+ Bxe7
8. Bf4 Bg4 9. Nbd2 Rc8 10. c3 a6 11. h3 Bxf3 12. Nxf3 O-O 13. Bf5 Rce8 14. O-O
Bd8 15. Rfe1 Ne7 16. Bd3 Nd7 17. Ng5 Ng6 18. Be3 Rxe3 19. Rxe3 Bxg5 20. Rg3 Nf4
21. Bxh7+ Kxh7 22. Rxg5 f6 23. Rg4 g5 24. Re1 Rf7 25. h4 Kg6 26. Re3 Kf5 27. f3
Rh7 28. hxg5 fxg5 29. Rg3 c5 30. b4 c4 31. a4 1/2-1/2

[Event "OPEN INER 2022"]
[Site "salle des fêtes de Saint Denis"]
[Date "2022.10.13"]
[Round "8.18"]
[White "Erudel, Maeva"]
[Black "Giraud, Marius"]
[Result "1-0"]
[WhiteElo "1411"]
[BlackElo "1063"]
[PlyCount "73"]
[EventDate "2022.??.??"]

1. d4 d5 2. e3 Nc6 3. f4 Nf6 4. Bd3 Bg4 5. Nf3 e6 6. c3 Bd6 7. Nbd2 O-O 8. O-O
Qd7 9. Qe1 Rfe8 10. Ne5 Bxe5 11. fxe5 Nh5 12. Qh4 f5 13. h3 Qe7 14. Qxe7 Nxe7
15. hxg4 Ng3 16. Rf3 Ne4 17. gxf5 exf5 18. c4 c6 19. Bxe4 fxe4 20. Rf2 Rad8 21.
b3 Ng6 22. Bb2 Re6 23. Rc1 Ne7 24. Ba3 Ng6 25. cxd5 cxd5 26. Rc7 Nh8 27. Rxb7
Rh6 28. Be7 Re8 29. Rxa7 Ng6 30. Bc5 Nh4 31. Rd7 g6 32. Rxd5 Nf5 33. Re2 Ng3
34. Re1 Re6 35. Rd8+ Kg7 36. Bf8+ Kf7 37. Bxh6 1-0

[Event "OPEN INER 2022"]
[Site "salle des fêtes de Saint Denis"]
[Date "2022.10.13"]
[Round "8.19"]
[White "Sandjivy, Jean Marc"]
[Black "Lai-Cheung-Kit, Guillaume"]
[Result "1/2-1/2"]
[WhiteElo "1222"]
[BlackElo "1011"]
[PlyCount "97"]
[EventDate "2022.??.??"]

1. c4 e5 2. Nc3 Nf6 3. e3 d5 4. d4 e4 5. cxd5 Nxd5 6. Qc2 Nxc3 7. bxc3 Bf5 8.
Ne2 Bd6 9. c4 Bb4+ 10. Bd2 Bxd2+ 11. Qxd2 O-O 12. Qb2 b6 13. Ng3 Bg6 14. Be2
Nd7 15. Bh5 Bxh5 16. Nxh5 c5 17. dxc5 Qg5 18. Ng3 Nxc5 19. O-O Rfe8 20. Rad1
Nd3 21. Qb3 Qe5 22. f3 Nc5 23. Qa3 exf3 24. Rxf3 Red8 25. Qc1 Rxd1+ 26. Qxd1
Rf8 27. Qe2 Ne4 28. Nxe4 Qxe4 29. Rf4 Qc6 30. Qd3 Qa4 31. a3 Qc6 32. Rd4 g6 33.
e4 Qc5 34. Kh1 Qg5 35. h3 Qc1+ 36. Kh2 Qf4+ 37. Kg1 Qc1+ 38. Kf2 Qf4+ 39. Ke2
Re8 40. g3 Qe5 41. Qe3 f5 42. Kd3 fxe4+ 43. Rxe4 Qd6+ 44. Ke2 Rxe4 45. Qxe4
Qxa3 46. Qe6+ Kg7 47. Qe5+ Kh6 48. Qf4+ Kg7 49. Qe5+ 1/2-1/2

[Event "OPEN INER 2022"]
[Site "salle des fêtes de Saint Denis"]
[Date "2022.10.13"]
[Round "8.20"]
[White "Cheung, Gerard"]
[Black "Daoudjee, Hishame"]
[Result "0-1"]
[WhiteElo "1199"]
[BlackElo "1199"]
[PlyCount "74"]
[EventDate "2022.??.??"]

1. Nf3 d6 2. b3 Nf6 3. Bb2 e5 4. e3 g6 5. d3 Bg7 6. h3 O-O 7. c4 Re8 8. Nc3 c6
9. Qc2 d5 10. cxd5 cxd5 11. e4 d4 12. Nb5 Qa5+ 13. Nc3 dxc3 14. Bxc3 Qd8 15. d4
Nxe4 16. dxe5 Bf5 17. Rd1 Nd6 18. Bd3 Qc8 19. O-O Nb5 20. Bxf5 gxf5 21. Rc1 Nd7
22. Bb2 Nxe5 23. Qxc8 Raxc8 24. Rxc8 Rxc8 25. Bxe5 Bxe5 26. Nxe5 a5 27. Rd1 Nc3
28. Rd7 f6 29. Nf7 b5 30. a3 Ne4 31. Nh6+ Kf8 32. Nxf5 Rc5 33. g4 h5 34. f3 Ke8
35. Rh7 Ng5 36. Kg2 Nxh7 37. gxh5 Rxf5 0-1

[Event "OPEN INER 2022"]
[Site "salle des fêtes de Saint Denis"]
[Date "2022.10.13"]
[Round "8.21"]
[White "Gauthier, Keanu"]
[Black "Khantalina, Ilariya"]
[Result "1/2-1/2"]
[WhiteElo "1099"]
[BlackElo "1099"]
[PlyCount "63"]
[EventDate "2022.??.??"]

1. d4 d5 2. c4 e6 3. Nc3 c6 4. e4 dxc4 5. Bxc4 b5 6. Be2 a6 7. a3 Bb7 8. Bf3 c5
9. Nge2 cxd4 10. Qxd4 Qxd4 11. Nxd4 Bc5 12. Nb3 Bb6 13. O-O Ne7 14. Bf4 O-O 15.
Rfd1 Bc6 16. Rd3 Nd7 17. e5 Bxf3 18. Rxf3 Ng6 19. Re1 Rfe8 20. Bg3 f6 21. exf6
Nxf6 22. Ne4 Nxe4 23. Rxe4 Rad8 24. Re1 Re7 25. h3 Rde8 26. h4 e5 27. h5 e4 28.
Rc3 Nf8 29. Kf1 h6 30. Bd6 Re6 31. Bc5 Bd8 32. Nd2 1/2-1/2

[Event "OPEN INER 2022"]
[Site "salle des fêtes de Saint Denis"]
[Date "2022.10.13"]
[Round "8.22"]
[White "Cavillot-Delestage, Honore"]
[Black "Khantalin, Irakliy"]
[Result "0-1"]
[WhiteElo "1009"]
[BlackElo "1009"]
[PlyCount "78"]
[EventDate "2022.??.??"]

1. e4 e5 2. f4 f6 3. Nf3 Nc6 4. d3 d6 5. Be2 Nge7 6. O-O Bg4 7. Nc3 Qd7 8. Be3
O-O-O 9. Rf2 Kb8 10. Qd2 Ng6 11. Rb1 exf4 12. Bd4 Bxf3 13. Bxf3 Nxd4 14. b4
Nxf3+ 15. Rxf3 Qg4 16. Qf2 Qe6 17. Nb5 b6 18. a4 Qa2 19. Rf1 Qxa4 20. Nd4 Qxb4
21. Nc6+ Kb7 22. Nxb4 d5 23. exd5 Bc5 24. Re3 Bxe3 25. Qxe3 fxe3 26. c4 e2 27.
Re1 a5 28. Nc6 Rde8 29. Nd4 Nf4 30. Nf3 Nxd3 31. Rb1 e1=Q+ 32. Nxe1 Rxe1+ 33.
Rxe1 Nxe1 34. Kf1 a4 35. Kxe1 a3 36. Kd2 a2 37. Kc3 a1=Q+ 38. Kb4 Qb2+ 39. Ka4
Ra8# 0-1

[Event "OPEN INER 2022"]
[Site "salle des fêtes de Saint Denis"]
[Date "2022.10.13"]
[Round "8.23"]
[White "Khantalin, Serafim"]
[Black "Lai-Cheung-Kit, Lucie"]
[Result "1-0"]
[WhiteElo "1009"]
[BlackElo "1009"]
[PlyCount "75"]
[EventDate "2022.??.??"]

1. e4 e5 2. Nf3 Nc6 3. Bc4 Qe7 4. d3 d6 5. Ng5 Bd7 6. O-O O-O-O 7. Nxf7 d5 8.
Bxd5 Be6 9. Nxh8 Bxd5 10. Qg4+ Be6 11. Qf3 Nf6 12. Nc3 Bg4 13. Qe3 Nb4 14. Qxa7
Qc5 15. Be3 Qxa7 16. Bxa7 Nc6 17. Nf7 Re8 18. Be3 b6 19. a4 Bc5 20. Bxc5 bxc5
21. a5 Rf8 22. a6 Kb8 23. Ng5 h6 24. Ne6 Re8 25. Nxc5 Be2 26. Nxe2 Rd8 27. Nb7
Rd7 28. Nc3 g5 29. Rfe1 Nd4 30. Re3 Ng4 31. a7+ Ka8 32. Rh3 Nxc2 33. Ra6 Nb4
34. Ra5 Re7 35. Nd5 Nxd5 36. exd5 Kxb7 37. a8=Q+ Kb6 38. Qa6# 1-0

[Event "OPEN INER 2022"]
[Site "salle des fêtes de Saint Denis"]
[Date "2022.10.13"]
[Round "8.24"]
[White "Lam Kin Cheung, Youn Ha"]
[Black "Giraud, Dimitri"]
[Result "0-1"]
[WhiteElo "1199"]
[BlackElo "1054"]
[PlyCount "52"]
[EventDate "2022.??.??"]

1. d4 d5 2. c4 c6 3. Nf3 Bf5 4. Nc3 Nf6 5. e3 e6 6. Be2 Bd6 7. O-O Nbd7 8. cxd5
cxd5 9. Bd2 O-O 10. Rc1 Re8 11. b3 Rc8 12. Re1 Bb4 13. Nb5 Rxc1 14. Bxc1 Bxe1
15. Qxe1 a6 16. Bb2 axb5 17. g3 Qb6 18. a3 Ne4 19. Ng5 Nxg5 20. Kg2 f6 21. b4
e5 22. dxe5 fxe5 23. f3 e4 24. fxe4 Bxe4+ 25. Kf1 Rf8+ 26. Kg1 Nh3# 0-1

[Event "OPEN INER 2022"]
[Site "salle des fêtes de Saint Denis"]
[Date "2022.10.13"]
[Round "9.1"]
[White "De Peindray D'Ambell, Philippe"]
[Black "Folio, Thomas"]
[Result "1/2-1/2"]
[WhiteElo "1788"]
[BlackElo "1431"]
[PlyCount "120"]
[EventDate "2022.??.??"]

1. e4 c5 2. Be2 Nc6 3. f4 e6 4. Nf3 d5 5. e5 d4 6. O-O Nge7 7. a4 b6 8. Na3 h5
9. Ng5 g6 10. Ne4 Nd5 11. Nc4 Be7 12. Ncd6+ Kf8 13. d3 Bxd6 14. Nxd6 Nce7 15.
Bf3 Nf5 16. Nxf5 exf5 17. a5 Be6 18. Bd2 Rb8 19. axb6 axb6 20. Qe1 Kg7 21. Qf2
Qe7 22. c4 dxc3 23. bxc3 Rhd8 24. Rfb1 b5 25. c4 bxc4 26. dxc4 Nb4 27. Be3 Nd3
28. Qc2 Rxb1+ 29. Rxb1 Nb4 30. Qe2 Rd3 31. Qf2 Na6 32. Be2 Rc3 33. Ra1 Bc8 34.
h3 f6 35. exf6+ Qxf6 36. Ra5 Rc2 37. Qe1 Qb2 38. Bf3 Nb4 39. Qa1 Qxa1+ 40. Rxa1
Rxc4 41. Ra5 Nd3 42. Bd5 Rb4 43. Bxc5 Nxc5 44. Rxc5 Ba6 45. Rc7+ Kf8 46. Rc6
Bb7 47. Rf6+ Ke8 48. Bxb7 Rxb7 49. Rxg6 Rb4 50. Rg5 Rxf4 51. Rxh5 Kf7 52. Rh6
Rc4 53. Kf2 Rc3 54. Ra6 Rb3 55. h4 Kg7 56. g3 Rc3 57. Re6 Kf7 58. Re3 Rc4 59.
Kf3 Kf6 60. Ra3 Rc6 1/2-1/2

[Event "OPEN INER 2022"]
[Site "salle des fêtes de Saint Denis"]
[Date "2022.10.13"]
[Round "9.2"]
[White "Lutard, Florian"]
[Black "Larmet, Nino"]
[Result "0-1"]
[WhiteElo "2045"]
[BlackElo "2023"]
[PlyCount "138"]
[EventDate "2022.??.??"]

1. e4 e5 2. Nf3 Nc6 3. Bc4 Bc5 4. b4 Bxb4 5. c3 Ba5 6. d4 d6 7. Qb3 Qd7 8. O-O
Bb6 9. Bb5 a6 10. Ba4 Ba7 11. Qb2 b5 12. Bc2 Rb8 13. a4 Bb6 14. dxe5 Nxe5 15.
Nxe5 dxe5 16. Rd1 Qc6 17. axb5 axb5 18. Bd3 Nf6 19. Na3 O-O 20. Bg5 Nxe4 21.
Bxe4 Qxe4 22. Re1 Qg4 23. Be3 Bb7 24. f3 Bxf3 25. Qf2 Ba8 26. h3 Qh5 27. Nc2
Bxe3 28. Nxe3 Rb6 29. Ng4 Re6 30. Ra7 Rc8 31. Qc5 Bc6 32. Ra6 Qg6 33. Rxe5 Rxe5
34. Qxe5 Qe4 35. Qg3 Kh8 36. Ne5 Bd5 37. Ra1 f6 38. Re1 Qf5 39. Ng4 Qg6 40. Qf2
c6 41. Re7 Re8 42. Qe1 Rxe7 43. Qxe7 h5 44. Ne3 Kh7 45. Nxd5 cxd5 46. Qc5 Qd3
47. Kh2 Kg6 48. Qc6 Qc4 49. Qe8+ Kg5 50. Qe1 h4 51. Kh1 Qf4 52. Qd1 Qe4 53.
Qd2+ Kg6 54. Qb2 Qe1+ 55. Kh2 Qg3+ 56. Kh1 Qd3 57. Qb4 Qf1+ 58. Kh2 Qc4 59.
Qb1+ Kg5 60. Qb2 Kf5 61. Kg1 Ke5 62. Kh2 Ke4 63. Qb1+ Ke3 64. Qc2 d4 65. Qc1+
Kd3 66. Qd1+ Kxc3 67. Qg4 d3 68. Qxg7 Qf4+ 69. Kh1 d2 0-1

[Event "OPEN INER 2022"]
[Site "salle des fêtes de Saint Denis"]
[Date "2022.10.13"]
[Round "9.3"]
[White "Triton, Maxime"]
[Black "Mezouaghi, Miloud"]
[Result "0-1"]
[WhiteElo "1888"]
[BlackElo "1987"]
[PlyCount "104"]
[EventDate "2022.??.??"]

1. e4 g6 2. d4 Bg7 3. Nc3 c6 4. Nf3 d6 5. Be3 Nd7 6. Qd2 b5 7. Bd3 Qa5 8. O-O
a6 9. a3 Qc7 10. Ne2 Ngf6 11. Bh6 O-O 12. Ng3 e6 13. Rfe1 Qd8 14. e5 dxe5 15.
dxe5 Nd5 16. Ne4 Qc7 17. Bxg7 Kxg7 18. Qg5 h6 19. Qg3 c5 20. Nd6 c4 21. Be4
N7b6 22. Rad1 Qe7 23. h4 Ra7 24. Nd4 Rc7 25. c3 Kh8 26. Ne2 Rg8 27. Nf4 Nxf4
28. Qxf4 Kg7 29. Re3 h5 30. Rg3 Kh7 31. Rg5 Rg7 32. Rxh5+ Kg8 33. Rg5 Bd7 34.
Qe3 Na4 35. Rd2 Nc5 36. Bc2 Nb3 37. Bxb3 cxb3 38. Qb6 Bc6 39. Qxa6 Rh7 40. Rg4
Bd5 41. Qxb5 Bc6 42. Qxb3 Rh5 43. Re2 Rd7 44. Qb6 Ba8 45. Rf4 f5 46. Qb8+ Rd8
47. Qb4 g5 48. Nb5 Qb7 49. Rf3 Rxh4 50. Qb3 Qd7 51. Rfe3 Bd5 52. Qc2 Qxb5 0-1

[Event "OPEN INER 2022"]
[Site "salle des fêtes de Saint Denis"]
[Date "2022.10.13"]
[Round "9.4"]
[White "Lallemand, Philippe"]
[Black "Riviere, Etienne"]
[Result "0-1"]
[WhiteElo "1840"]
[BlackElo "1886"]
[PlyCount "49"]
[EventDate "2022.??.??"]

1. d4 d5 2. e3 Nf6 3. Nf3 c5 4. Nbd2 Nc6 5. c3 Qc7 6. Bd3 Bg4 7. Bb5 e6 8. Qa4
Nd7 9. O-O Be7 10. e4 O-O 11. exd5 Nb6 12. Qc2 Nxd5 13. Bd3 h6 14. Nb3 Bxf3 15.
gxf3 Bd6 16. Nxc5 Bxh2+ 17. Kh1 Bf4 18. Qe2 Qe7 19. Rg1 Qh4+ 20. Kg2 Bxc1 21.
Kf1 Bg5 22. Nxe6 Qh3+ 23. Rg2 fxe6 24. Qe4 Nf4 25. Qg6 0-1

[Event "OPEN INER 2022"]
[Site "salle des fêtes de Saint Denis"]
[Date "2022.10.13"]
[Round "9.5"]
[White "Francou, Yvon"]
[Black "Jotee, Ashvin"]
[Result "0-1"]
[WhiteElo "1639"]
[BlackElo "1815"]
[PlyCount "70"]
[EventDate "2022.??.??"]

1. d4 d5 2. c4 c6 3. Nc3 Nf6 4. Bg5 dxc4 5. Bxf6 exf6 6. e3 Be6 7. g3 Bb4 8.
Bg2 f5 9. Nge2 O-O 10. O-O Qe7 11. Qc2 Na6 12. a3 Bxc3 13. Nxc3 Nc7 14. Na4 g6
15. Nc5 Rab8 16. Rfe1 Rfd8 17. Rad1 Bd5 18. f3 Qf6 19. e4 fxe4 20. fxe4 Be6 21.
e5 Qe7 22. Qf2 Bd5 23. Ne4 Bxe4 24. Bxe4 Nd5 25. Qf3 b5 26. Bc2 Qe6 27. Re4 a5
28. Rh4 b4 29. Re1 c3 30. Rg4 cxb2 31. Bf5 Qe7 32. e6 Kg7 33. axb4 Rxb4 34. Kf2
a4 35. Be4 fxe6 0-1

[Event "OPEN INER 2022"]
[Site "salle des fêtes de Saint Denis"]
[Date "2022.10.13"]
[Round "9.6"]
[White "Fondrat, Johan"]
[Black "Bah, Ismael"]
[Result "1-0"]
[WhiteElo "1742"]
[BlackElo "1588"]
[PlyCount "69"]
[EventDate "2022.??.??"]

1. d4 Nf6 2. c4 d6 3. Nc3 g6 4. e4 Bg7 5. Be2 O-O 6. g4 Nc6 7. Be3 Nd7 8. h4 e5
9. d5 Nd4 10. Qd2 f5 11. exf5 gxf5 12. gxf5 Nf6 13. O-O-O Bxf5 14. Nf3 Nxe2+
15. Qxe2 Bg4 16. Rdg1 h5 17. Bg5 Qd7 18. Qe3 Bxf3 19. Qxf3 Ng4 20. Qg3 Rxf2 21.
Ne4 Rff8 22. Qb3 b6 23. Ng3 Qe8 24. Qc2 Rf2 25. Qe4 Rf8 26. Nxh5 Nf2 27. Qe2
Qg6 28. Be3 Qe4 29. Rxg7+ Kh8 30. Rhg1 Nd3+ 31. Kd2 Nb4 32. Kc3 a5 33. Nf6
Nxa2+ 34. Kb3 Nc1+ 35. Bxc1 1-0

[Event "OPEN INER 2022"]
[Site "salle des fêtes de Saint Denis"]
[Date "2022.10.13"]
[Round "9.7"]
[White "Lallemand, Eric"]
[Black "Desire, Michael"]
[Result "0-1"]
[WhiteElo "1199"]
[BlackElo "1670"]
[PlyCount "67"]
[EventDate "2022.??.??"]

1. e4 c6 2. d4 d5 3. e5 Bf5 4. c4 e6 5. Nc3 Ne7 6. Nf3 Nd7 7. cxd5 exd5 8. Be3
h6 9. Be2 Be6 10. O-O g5 11. Ne1 Nf5 12. g4 Nxe3 13. fxe3 h5 14. h3 Bh6 15. Nc2
Qe7 16. Kg2 O-O-O 17. Bf3 f6 18. exf6 Nxf6 19. gxh5 Kb8 20. Bg4 Rdf8 21. Qe2
Qd7 22. Kg3 Bg7 23. Rh1 Qd6+ 24. Kg2 Bf7 25. Raf1 Nxh5 26. Rf3 Bg6 27. Rxf8+
Bxf8 28. Bxh5 Bxh5 29. Qf2 Qc7 30. Qf6 Qh7 31. Qe5+ Kc8 32. Qe6+ Kc7 33. Nxd5+
cxd5 34. Qxd5 0-1

[Event "OPEN INER 2022"]
[Site "salle des fêtes de Saint Denis"]
[Date "2022.10.13"]
[Round "9.8"]
[White "Folio, Pierre"]
[Black "Sawmynaden, Righen Peroumal"]
[Result "1-0"]
[WhiteElo "1432"]
[BlackElo "1743"]
[PlyCount "45"]
[EventDate "2022.??.??"]

1. e4 e5 2. Nf3 Nf6 3. Nxe5 d6 4. Nf3 Nxe4 5. d4 d5 6. Bd3 Be7 7. Bf4 Bf5 8.
Nbd2 g5 9. Bg3 Nxg3 10. fxg3 Bxd3 11. cxd3 Qd6 12. O-O Nd7 13. Ne5 Nxe5 14.
dxe5 Qxe5 15. Qa4+ Kd8 16. Rae1 Qg7 17. Qb5 Qd4+ 18. Kh1 a6 19. Qxb7 Ra7 20.
Qb3 Rf8 21. Nf3 Qc5 22. Ne5 f6 23. Qb8# 1-0

[Event "OPEN INER 2022"]
[Site "salle des fêtes de Saint Denis"]
[Date "2022.10.13"]
[Round "9.9"]
[White "Dace, Jean Emeric"]
[Black "Lam Kin Cheung, Stephane"]
[Result "1/2-1/2"]
[WhiteElo "1649"]
[BlackElo "1199"]
[PlyCount "174"]
[EventDate "2022.??.??"]

1. Nf3 Nf6 2. g3 e6 3. b3 d5 4. Bb2 Be7 5. Bg2 c5 6. d3 Nc6 7. Nbd2 O-O 8. O-O
b6 9. c4 Bb7 10. cxd5 exd5 11. Nh4 Qd7 12. a3 Rfe8 13. Re1 Rad8 14. Nf1 d4 15.
Bc1 Ne5 16. Bxb7 Qxb7 17. Nf5 Bf8 18. Bg5 Re6 19. Qc1 h6 20. Bd2 Ng6 21. e4 Ne5
22. Qc2 Nf3+ 23. Kg2 Nxe1+ 24. Rxe1 Kh7 25. h3 g6 26. Nh4 Bg7 27. Kg1 Rde8 28.
f3 Nh5 29. g4 Nf6 30. Re2 Qe7 31. Ng2 Nd7 32. Nf4 Re5 33. Be1 Qg5 34. Ng2 Qd8
35. Bh4 g5 36. Bg3 R5e6 37. f4 Rc6 38. Qc4 Re7 39. Qd5 Rc8 40. fxg5 Ne5 41.
Qxd8 Rxd8 42. Bxe5 Bxe5 43. gxh6 Kxh6 44. Nh4 Kg5 45. Nf5 Ree8 46. Nd2 Bf4 47.
Nf3+ Kf6 48. Rg2 Be3+ 49. Kf1 Rh8 50. h4 Rdg8 51. a4 Rg6 52. Ke2 Bf4 53. Kd1
Ke6 54. Kc2 a6 55. b4 a5 56. bxa5 bxa5 57. Kb3 Rb8+ 58. Kc4 Rb4+ 59. Kxc5 Rxa4
60. N3xd4+ Ke5 61. Nf3+ Ke6 62. N3d4+ Kd7 63. h5 Rg8 64. g5 Rxg5 65. Rxg5 Bxg5
66. Nf3 Bf6 67. e5 Bh8 68. d4 Ra1 69. Ng5 Ke8 70. Nh6 f6 71. exf6 Bxf6 72. Ne4
Bh8 73. Nf5 a4 74. Kb4 Rd1 75. Nc3 Rd2 76. Nb5 Kd7 77. Kxa4 Ke6 78. Ne3 Bxd4
79. Nc4 Rd1 80. Nc7+ Kf5 81. Nd5 Rh1 82. Nd2 Rxh5 83. Kb4 Ke6 84. Nf4+ Ke5 85.
Nxh5 Kf5 86. Ng3+ Kf4 87. Nge4 Be3 1/2-1/2

[Event "OPEN INER 2022"]
[Site "salle des fêtes de Saint Denis"]
[Date "2022.10.13"]
[Round "9.10"]
[White "Rosamel, Manua"]
[Black "Frelicot, Eric"]
[Result "1-0"]
[WhiteElo "1319"]
[BlackElo "1560"]
[PlyCount "85"]
[EventDate "2022.??.??"]

1. e4 c5 2. Nf3 d6 3. d4 cxd4 4. Nxd4 Nf6 5. Nc3 Nc6 6. Bc4 g6 7. f3 Bd7 8. Be3
Bg7 9. Qd2 Ne5 10. Bb3 Rc8 11. O-O-O Nc4 12. Bxc4 Rxc4 13. g4 a6 14. h4 h5 15.
g5 Nh7 16. f4 O-O 17. b3 Rc8 18. Rdf1 Qa5 19. Nd5 Qxd2+ 20. Kxd2 Rfe8 21. f5
Bc6 22. fxg6 fxg6 23. Nb6 Bxd4 24. Bxd4 Bxe4 25. Nxc8 Bxh1 26. Nxe7+ Rxe7 27.
Rxh1 Nf8 28. c4 Nd7 29. Kd3 Ne5+ 30. Bxe5 Rxe5 31. Rh3 b5 32. Re3 bxc4+ 33.
bxc4 Ra5 34. Re6 Kf7 35. Rxd6 Rxa2 36. Rf6+ Kg7 37. c5 Ra4 38. c6 Rxh4 39. c7
Rh3+ 40. Kd4 Rh4+ 41. Kd5 Rg4 42. c8=Q Rxg5+ 43. Ke6 1-0

[Event "OPEN INER 2022"]
[Site "salle des fêtes de Saint Denis"]
[Date "2022.10.13"]
[Round "9.11"]
[White "Bonin, Malo"]
[Black "Sawmynaden, Vicken"]
[Result "0-1"]
[WhiteElo "1199"]
[BlackElo "1644"]
[PlyCount "50"]
[EventDate "2022.??.??"]

1. Nf3 d5 2. d4 Bf5 3. Bf4 e6 4. e3 Bd6 5. Bxd6 Qxd6 6. Nc3 Nd7 7. Be2 Ngf6 8.
Nh4 Bg6 9. Nxg6 hxg6 10. Bd3 Rxh2 11. Rg1 O-O-O 12. Qd2 e5 13. O-O-O e4 14. Be2
Qb4 15. a3 Qa5 16. f3 Nb6 17. Qe1 exf3 18. Bd3 Rxg2 19. Qf1 Rxg1 20. Qh3+ Kb8
21. Rxg1 Ne4 22. Nxe4 dxe4 23. Bxe4 Nc4 24. Rd1 Nxe3 25. Rd3 Qe1+ 0-1